Where Is That 'E' or 'F' City? Quiz Stats

 Plays Quiz Updated Feb 13, 2019

Score 0/20 Timer 04:00
3 Plays Today
Question Answer Wrong Answers
Florence Italy
95.3%
Greece
0.5%
Vatican City
0.5%
North Macedonia
0.3%
Edinburgh United Kingdom
94.3%
South Africa
1.3%
Grenada
0.6%
Jamaica
0.5%
Edmonton Canada
86.8%
United States
2.6%
Netherlands
1.2%
New Zealand
6%
Fukuoka Japan
85.7%
North Korea
3%
Palau
4.1%
Indonesia
3.5%
Fez Morocco
79.9%
Turkey
12.2%
Burundi
2.7%
France
1.7%
Fuzhou China
78.1%
Tajikistan
6.2%
Uzbekistan
6.3%
Turkmenistan
5.4%
Faisalabad Pakistan
76.4%
India
7.9%
Uzbekistan
8.8%
Nepal
3%
Essen Germany
76.2%
Switzerland
9.8%
Austria
6.8%
France
3.5%
El Paso United States
70%
Mexico
22.8%
Cuba
2.2%
Spain
1.8%
Eindhoven Netherlands
69.5%
Belgium
8.8%
Austria
15.4%
Czechia
2.6%
Espoo Finland
64.4%
Estonia
21.6%
Russia
3.9%
Portugal
5.9%
Freetown Sierra Leone
56.6%
Australia
8%
Gabon
3.1%
Liberia
28.8%
Erzurum Turkey
55.5%
Azerbaijan
21.2%
Iraq
7.6%
Iran
11.5%
Ekibastuz Kazakhstan
55.2%
Czechia
9.7%
Turkey
20.9%
Romania
9.9%
Funchal Portugal
54.3%
Brazil
18.9%
United States
1.1%
Equatorial Guinea
21.5%
Fortaleza Brazil
52.6%
Portugal
15.9%
Andorra
8.1%
Spain
19.4%
Ecatepec Mexico
43.9%
Guatemala
18.7%
Peru
22.9%
Bolivia
10.4%
Elche Spain
43%
France
16.9%
Italy
11.4%
Portugal
24.5%
Faiyum Egypt
40.3%
United Arab Emirates
15.3%
Oman
25%
Qatar
15.1%
Esmeraldas Ecuador
26.1%
Venezuela
46%
Guyana
7.2%
Paraguay
16.5%

You're not logged in!

Compare scores with friends on all Sporcle quizzes.
OR
Log In

You Might Also Like...

Show Comments

Extras

Top Quizzes Today


Score Distribution

Your Account Isn't Verified!

In order to create a playlist on Sporcle, you need to verify the email address you used during registration. Go to your Sporcle Settings to finish the process.

Report this User

Report this user for behavior that violates our Community Guidelines.

Details: